000 00884cam a22003013a 4500
001 11876
003 PGUSA
005 20140828083242.0
008 040401s2004||||xxu|||||s|||||000 1 eng d
040 _aPGUSA
_beng
042 _adc
050 4 _aPR
100 1 _aSinclair, May,
_d1863-1946
245 1 4 _aThe Three Sisters
_h[electronic resource] /
_cMay Sinclair
260 _bProject Gutenberg,
_c2004
506 _aPublic domain in the USA.
516 _aElectronic text
653 _aVillages -- Fiction
653 _aEngland, Northern -- Fiction
653 _aPsychological fiction
653 _aChildren of clergy -- Fiction
653 _aMan-woman relationships -- Fiction
653 _aSisters -- Fiction
653 _aFathers and daughters -- Fiction
830 0 _aProject Gutenberg
_v11876
856 4 0 _uhttp://www.gutenberg.org/ebooks/11876
942 _cEB
999 _c241131
_d241131